Avances en psicología de la educación / (Record no. 133907)

MARC details
000 -LEADER
campo de control de longitud fija 00542nam a2200169 i 4500
001 - NÚMERO DE CONTROL
campo de control 133907
003 - IDENTIFICADOR DE NÚMERO DE CONTROL
campo de control ES-MaACL
007 - CAMPO FIJO DE DESCRIPCIÓN FÍSICA--INFORMACIÓN GENERAL
campo de control de longitud fija t|
008 - DATOS DE LONGITUD FIJA--INFORMACIÓN GENERAL
campo de control de longitud fija 070903s1975 sp ||||1| spa d
100 1# - ENTRADA PRINCIPAL--NOMBRE DE PERSONA
Nombre de persona Wall, W. D.
9 (RLIN) 115943
245 10 - MENCIÓN DEL TÍTULO
Título Avances en psicología de la educación /
Mención de responsabilidad, etc. W. D. Wall y V. P. Varma ; [versión de Luis Echevarría Rivera].
260 ## - PUBLICACIÓN, DISTRIBUCIÓN, ETC.
Lugar de publicación, distribución, etc. Madrid :
Nombre del editor, distribuidor, etc. Morata,
Fecha de publicación, distribución, etc. [1975]
300 ## - DESCRIPCIÓN FÍSICA
Extensión 247 p. ;
Dimensiones 21 cm.
700 1# - ENTRADA AGREGADA--NOMBRE PERSONAL
Nombre de persona Varma, V. P.
9 (RLIN) 113236
700 1# - ENTRADA AGREGADA--NOMBRE PERSONAL
Nombre de persona Echevarría Rivera, Luis Eduardo.
9 (RLIN) 46564
852 ## - LOCALIZACIÓN
Ubicación ES-MaACL
Número de control de estantería E-7869
Sublocalización o colección R.92373
Holdings
Estatus retirado Estado de pérdida Estado de daño No para préstamo Biblioteca de origen Biblioteca actual Ubicación en estantería Fecha de adquisición Fuente de adquisición Total de préstamos Signatura topográfica completa Código de barras Visto por última vez Precio de reemplazo Tipo de ítem Koha
        Biblioteca del Ateneo de Madrid Biblioteca del Ateneo de Madrid Depósito 2 17/01/2008     E-7869 1139390 23/02/2023 23/02/2023 Libro impreso